| 000 | 01533nab a22002537a 4500 | ||
|---|---|---|---|
| 999 |
_c5507 _d5507 |
||
| 003 | OSt | ||
| 005 | 20251210094237.0 | ||
| 008 | 190502c xxu||||| |||| 00| 0 spa d | ||
| 040 | _cPJ | ||
| 100 |
_96497 _aKingston, Mateo |
||
| 245 | 1 | 0 |
_aSobre la distinción entre estupro y abuso sexual. ¿Un resabio del modelo de la coacción? / _cMateo Kingston. |
| 260 |
_aCiudad Autónoma de Buenos Aires : _bThomson Reuters La Ley, _c2025. |
||
| 300 | _ap. 42-60 | ||
| 500 | _aCita Online: AR/DOC/2441/2025. | ||
| 505 | _aSumario: I. Introducción.— II. El delito de estupro en la legislación argentina. — III. El papel del consentimiento en los delitos sexuales.— IV. El problema de delimitación. La solución de la cláusula de subsidiariedad.— V. La última reforma del delito de estupro en Argentina.— VI. ¿El estupro como un delito mala prohibita?— VII. Análisis de la criminalización del estupro por razones preventivas.— VIII. La propuesta de regulación de lege ferenda.— IX. Conclusión. — X. Bibliografía complementaria. | ||
| 505 | _t¿Te interesa el texto completo? Solicitalo al correo: koha@justierradelfuego.gov.ar | ||
| 650 | 0 |
_9343 _aDERECHO PENAL |
|
| 650 | 0 |
_aDELITOS CONTRA LA INTEGRIDAD SEXUAL _92902 |
|
| 650 | 0 |
_aABUSO SEXUAL CALIFICADO POR ACCESO CARNAL _94467 |
|
| 650 | 0 |
_aDELITOS _93136 |
|
| 650 | 0 |
_aCONSENTIMIENTO _95585 |
|
| 773 | 0 |
_02729 _93180 _dBuenos Aires : LexisNexis, 2006- _tRevista de derecho penal y procesal penal. Nº 11 - Noviembre 2025 _z9875920622 |
|
| 942 |
_2udc _cANA |
||